000 00751nam a2200241 i 4500
001 70908
003 ES-MaACL
005 20230906170948.0
007 t|
008 040804s1970 sp af ||||1| spa d
080 _a74 +76 Garvayo, Manuel
100 1 _aGarvayo, Manuel.
_955801
245 1 3 _aEl Quijote y nuestra época /
_cManolo Garvayo.
246 3 4 _iSubt. de cub.
_aGrabados y dibujos
260 _aMálaga :
_b[s. n.],
_c1970 (
_fGráf. Garvayo)
300 _a89 p. :
_bprincipalmente lám. bl. y n. ;
_c29 cm.
490 1 _aColección Perchel
599 _aGrabados y dibujos de Manolo Garvayo.
700 1 _aGarvayo, Manuel.
_955801
830 0 _aColección Perchel
_9231049
852 _aES-MaACL
_jC-37479
999 _c70908
_d70908